000 00542cam a2200193 a 4500
001 000018184
005 20200929165406.0
008 730518s1963 sp 000 f spa d
040 _aDO-SdBNP
_bspa
_cLC
_dBNPHU
082 _a862
_bB352d
100 1 _aBauzá, Guillermo.
_95625
245 1 0 _aDon Cristobal /
_cGuillermo Bauzá.
260 _aBarcelona :
_bRumbos,
_c1963.
300 _a104 p. ;
_c23 cm.
650 4 _aTeatro español
_93071
650 4 _aLiteratura española
_9632
910 _aCatalogación por copia / LC
049 _aBNGR
999 _c17705
_d17705